000 00766cam a22001934a 4500
005 20250605164339.0
008 250528s ||||||||||||||||||||||||d
035 _a23544
040 _aGR-AtMCL
_bgre
_dGR-AtMCL
_eAACR2
245 1 _aTeachers Views on Their Leadership Qualities in a Private School in Athens/Dissertation Subnmitted to the University of Derby in Partial Fulfilment of the Requirements for the Degree of Master of Arts in Education
260 _c2020
300 _a54
520 _aAbstact, Introduction, Theoretical Framework, Research Methodology, Thematic Analysis, Discussion, References, Appendix.
700 1 _aDikaios Anastasios
_99120
700 1 _aTriantafyllaki Angeliki
_99119
942 _cDS
999 _c8545
_d8545